| 000 | 00523nam a2200181Ia 4500 | ||
|---|---|---|---|
| 008 | 230917s9999||||xx |||||||||||||| ||und|| | ||
| 020 | _cRS670 | ||
| 040 |
_e256304 _aMAIN |
||
| 041 | _aEnglish | ||
| 082 | _a658.472 S23B(4) | ||
| 100 | _aSharda, Ramesh | ||
| 245 | 0 | _aBusiness intelligence, analytics and data science: A managerial perspective | |
| 250 | _a4th ed. | ||
| 260 |
_aNoida _bPearson India Education _c2019 |
||
| 300 | _a512 p. | ||
| 500 | _a3938 03/01/2020 HBD19/7861 20/07/2019 Main Budget | ||
| 942 | _cBK | ||
| 999 |
_c34087 _d34087 |
||